| 000 -ლიდერი |
| ფიქსირებული სიგრძის საკონტროლო ველი |
02737nam a2200373Ia 4500 |
| 001 - საკონტროლო ნომერი |
| საკონტროლო ველი |
22717 |
| 003 - საკონტროლო ნომრის იდენტიფიკატორი |
| საკონტროლო ველი |
GE_BSU |
| 005 - ბოლო ოპერაციის თარიღი და დრო |
| საკონტროლო ველი |
20230426105703.0 |
| 008 - ფიქსირებული სიგრძის მონაცემთა ელემენტები - ზოგადი ინფორმაცია |
| ფიქსირებული სიგრძის საკონტროლო ველი |
181216s ||||ge |||||||||||||| ||geo|| |
| 020 ## - წიგნის საერთაშორისო სტანდარტული ნომერი |
| International Standard Book Number |
9789941182747 |
| 040 ## - კატალოგიზაციის წყარო |
| Transcribing agency |
GE_BSU |
| 041 ## - ენის კოდი |
| Language code of text/sound track or separate title |
geo |
| 080 ## - უნივერსალური ათობითი კლასიფიკაციის ინდექსი |
| Universal Decimal Classification number |
159.953(075.8) დ-63 |
| 100 ## - მთავარი ჩანაწერი - პიროვნების სახელი |
| Personal name |
დობსონი, დებორა |
| 9 (RLIN) |
17760 |
| 245 ## - ცნობა სათაურის შესახებ |
| Title |
მტკიცებულებებზე დაფუძნებული კოგნიტურ-ბიჰევიორული თერაპიის პრაქტიკა / |
| Statement of responsibility, etc |
დებორა დობსონი, ქის. ს დობსონი ; მთარგმნელი ინეზა შარიქაძე ; სამეცნ. რედაქტორები ნატა მეფარიშვილი, თინათინ ჭინჭარაული, მარიკა ფანჯიკიძე. |
| 264 ## - წარმოების, გამოცემის, დისტრიბუციის და სხვა ცნობები |
| გამოცემის, წარმოების, დისტრიბუციის... ადგილი |
თბილისი : |
| გამოცემის, წარმოების, დისტრიბუციის... სახელწოდება |
[გ.გ], |
| გამოცემის, წარმოების, დისტრიბუციის... თარიღი |
2017. |
| 300 ## - ფიზიკური აღწერა |
| Extent |
403 გვ. ; |
| Dimensions |
25 სმ. |
| 500 ## - ზოგადი შენიშვნა |
| General note |
გამოცემა დაფინანსებულია ევროკომისიის TEMPUS-ის მექანიზმის მიერ |
| 500 ## - ზოგადი შენიშვნა |
| General note |
მე-2 გვ. სათაური ინგლისურ ენაზე |
| 501 ## - შენიშვნა თანმხლებ მასალაზე |
| With note |
განმარტებითი ლექსიკონი : გვ. 399-403 |
| 504 ## - BIBLIOGRAPHY, ETC. NOTE |
| Bibliography, etc |
ბიბლიოგრ. : გვ. 379-398 |
| 520 ## - SUMMARY, ETC. |
| Summary, etc |
გამოცემა დაფინანსებულია ევროკომისიის TEMPUS-ის მექანიზმის მიერ. |
| 653 ## - INDEX TERM--UNCONTROLLED |
| Uncontrolled term |
Evidence-Based Practice OF Cognitive-Behavioral Therapy |
| 653 ## - INDEX TERM--UNCONTROLLED |
| Uncontrolled term |
კოგნიტურ-ბიჰევიორული ფსიქოლოგია -- სახელმძღვანელოები უმაღლესი სასწავლებლებისათვის. |
| 653 ## - INDEX TERM--UNCONTROLLED |
| Uncontrolled term |
მტკიცებულებებზე დაფუძნებული კოგნიტურ-ბიჰევიორული თერაპიის პრაქტიკა |
| 653 ## - INDEX TERM--UNCONTROLLED |
| Uncontrolled term |
ფსიქოლოგია |
| 700 ## - ADDED ENTRY--PERSONAL NAME |
| Personal name |
დობსონი, ქის. ს. |
| Relator term |
ავტორი |
| 9 (RLIN) |
17791 |
| 700 ## - ADDED ENTRY--PERSONAL NAME |
| Personal name |
შარიქაძე, ინეზა |
| Relator term |
მთარგმნელი |
| 9 (RLIN) |
17792 |
| 700 ## - ADDED ENTRY--PERSONAL NAME |
| Personal name |
მეფარიშვილი, ნატა |
| Relator term |
რედაქტორი |
| 9 (RLIN) |
17793 |
| 700 ## - ADDED ENTRY--PERSONAL NAME |
| Personal name |
ჭინჭარაული, თინათინ |
| Relator term |
რედაქტორი |
| 9 (RLIN) |
17794 |
| 700 ## - ADDED ENTRY--PERSONAL NAME |
| Personal name |
ფანჯიკიძე, მარიკა |
| Relator term |
რედაქტორი |
| 9 (RLIN) |
17795 |
| 942 ## - ADDED ENTRY ELEMENTS (KOHA) |
| Koha item type |
წიგნი |
| Source of classification or shelving scheme |
|